[Event "FRA-ch op-C"]
[Site "Nancy"]
[Date "2013.08.14"]
[Round "3"]
[White "Lafortune, Emerick"]
[Black "Ursulet, Stephanie"]
[Result "1-0"]
[WhiteElo "1728"]
[BlackElo "1620"]
[PlyCount "53"]
[EventDate "2013.08.11"]
[EventType "swiss"]
[EventRounds "11"]
[EventCountry "FRA"]
[SourceTitle "CBM 156 Extra"]
[Source "ChessBase"]
[SourceDate "2013.10.22"]
[SourceVersion "1"]
[SourceVersionDate "2013.10.22"]
[SourceQuality "1"]

1. Nf3 e6 2. c4 Nf6 3. Nc3 d5 4. d4 c5 5. cxd5 exd5 6. g3 Nc6 7. Bg2 Ne4 8. 0-0 Be6 9. Be3 Be7 10. Rc1 0-0 11. dxc5 Nxc5 12. a3 d4 13. Bxd4 Nb3 14. e3 Nxc1 15. Qxc1 Rc8 16. Qc2 b5 17. Rd1 Nxd4 18. Nxd4 Qb6 19. Qe4 a6 20. Nf5 Bxf5 21. Qxf5 Qf6 22. Nd5 Qe6 23. Qxe6 fxe6 24. Nxe7+ Kh8 25. Nxc8 Rxc8 26. Bb7 Rc7 27. Rd8# 1-0